000 00335nam a22001457a 4500
003 SGT
020 _a978-93-81-390-59-7
082 _a616.01
_bM16R
100 _aRANDHAWA, S.S
245 _aEXAMINATION MASTER IN MICROBIOLOGY
260 _aJLANDHAR
_bS.VIKAS & COMPANY
_c2016
300 _a176
650 _aPHARMACY
942 _2ddc
_cBK
999 _c11174
_d11174